00606nam a2200169Ia 4500008004100000041000800041082001500049100002200064245006000086260001900146300000800165365001600173700002200189906003600211999001900247952017000266230718s9999 xx 000 0 und d aeng a004.1bKAN aKansas D.9187118 aStreet Com Guide To Smart Investing In The Internet Era c2001bCurrency a332 cRs.b719.00 aKansas D.9187118 dB:797514-Mar-2001cCOMPb107.85 c301580d301580 00104070aCCEPbCCEPd2001-05-19eTechnical Book ServicesfCOMPg611.15i7975l0o004.1pCCEP-BK-12786r2023-07-18 00:00:00t107.85v719.00w2001-03-14yBKz012786